000 00339nam a2200145 a 4500
008 000426s1988||||xx 0 und c
040 _aSNK
_bslo
_cSNK
_eAACR2
100 1 _aForsyth, Frederick
245 1 0 _aŽádné stopy
260 _aPraha
_bMladá Fronta
_c1988
300 _a229 s.
020 _c27
044 _axo
_cSK
041 _aslo
999 _c10676
_d10676